Les bases de l'arabe : Grammaire progressive en 121 fiches (notice n° 2140778)
[ vue normale ]
| 000 -LEADER | |
|---|---|
| fixed length control field | 01072cam a2200133 4500500 |
| 005 - DATE AND TIME OF LATEST TRANSACTION | |
| control field | 20260405024722.0 |
| 041 ## - LANGUAGE CODE | |
| Language code of text/sound track or separate title | fre |
| 042 ## - AUTHENTICATION CODE | |
| Authentication code | dc |
| 100 10 - MAIN ENTRY--PERSONAL NAME | |
| Personal name | Ababou, Farid |
| Relator term | author |
| 245 00 - TITLE STATEMENT | |
| Title | Les bases de l'arabe : Grammaire progressive en 121 fiches |
| 260 ## - PUBLICATION, DISTRIBUTION, ETC. | |
| Name of publisher, distributor, etc. | Armand Colin,<br/> |
| Date of publication, distribution, etc. | 2024.<br/> |
| 520 ## - SUMMARY, ETC. | |
| Summary, etc. | La compréhension de la grammaire est la porte donnant accès à la maîtrise de l’arabe. Cette grammaire pratique a été conçue, dans cette optique, pour faciliter au maximum la progression de l’étudiant, tout en lui assurant une présentation la plus complète possible des règles et des exceptions. Les notions grammaticales sont présentées clairement et simplement. Des exercices permettent de valider sa progression. Fruit d’un enseignement longtemps donné dans le secondaire et dans le supérieur, elle accompagnera l’arabisant dans ses années d’apprentissage et lui servira ensuite de références dans sa pratique de la langue. |
| 856 41 - ELECTRONIC LOCATION AND ACCESS | |
| Uniform Resource Identifier | <a href="https://shs.cairn.info/les-bases-de-l-arabe--9782200637224?lang=fr&redirect-ssocas=7080">https://shs.cairn.info/les-bases-de-l-arabe--9782200637224?lang=fr&redirect-ssocas=7080</a> |
Pas d'exemplaire disponible.




Réseaux sociaux